<?xml version="1.0" encoding="UTF-8"?>
<record
    xmlns:xsi="http://www.w3.org/2001/XMLSchema-instance"
    xsi:schemaLocation="http://www.loc.gov/MARC21/slim http://www.loc.gov/standards/marcxml/schema/MARC21slim.xsd"
    xmlns="http://www.loc.gov/MARC21/slim">

  <leader>03047nam0a2200337   4500</leader>
  <controlfield tag="001">v19\rc\1820688</controlfield>
  <controlfield tag="005">20260406180457.0</controlfield>
  <datafield tag="035" ind1=" " ind2=" ">
    <subfield code="a">(NLR Aleph) 005253751</subfield>
  </datafield>
  <datafield tag="090" ind1=" " ind2=" ">
    <subfield code="a">5830625</subfield>
    <subfield code="c">5830625</subfield>
  </datafield>
  <datafield tag="100" ind1=" " ind2=" ">
    <subfield code="a">20071224d1907    |||y0rusy50      ca</subfield>
  </datafield>
  <datafield tag="101" ind1="0" ind2=" ">
    <subfield code="a">rus</subfield>
  </datafield>
  <datafield tag="102" ind1=" " ind2=" ">
    <subfield code="a">RU</subfield>
  </datafield>
  <datafield tag="105" ind1=" " ind2=" ">
    <subfield code="a">a   z   001yy</subfield>
  </datafield>
  <datafield tag="200" ind1="1" ind2=" ">
    <subfield code="a">&#x41F;&#x435;&#x440;&#x435;&#x447;&#x435;&#x43D;&#x44C; &#x432;&#x43D;&#x443;&#x442;&#x440;&#x435;&#x43D;&#x43D;&#x438;&#x445; &#x432;&#x43E;&#x434;&#x43D;&#x44B;&#x445; &#x43F;&#x443;&#x442;&#x435;&#x439; &#x415;&#x432;&#x440;&#x43E;&#x43F;&#x435;&#x439;&#x441;&#x43A;&#x43E;&#x439; &#x420;&#x43E;&#x441;&#x441;&#x438;&#x438;, &#x441; &#x440;&#x430;&#x441;&#x43F;&#x440;&#x435;&#x434;&#x435;&#x43B;&#x435;&#x43D;&#x438;&#x435;&#x43C; &#x438;&#x445; &#x43F;&#x43E; &#x43C;&#x43E;&#x440;&#x441;&#x43A;&#x438;&#x43C; &#x438; &#x440;&#x435;&#x447;&#x43D;&#x44B;&#x43C; &#x431;&#x430;&#x441;&#x441;&#x435;&#x439;&#x43D;&#x430;&#x43C;</subfield>
    <subfield code="e">[&#x441; &#x43F;&#x440;&#x438;&#x43B;&#x43E;&#x436;&#x435;&#x43D;&#x438;&#x435;&#x43C; &#x41A;&#x430;&#x440;&#x442;&#x44B; &#x432;&#x43D;&#x443;&#x442;&#x440;&#x435;&#x43D;&#x43D;&#x438;&#x445; &#x432;&#x43E;&#x434;&#x43D;&#x44B;&#x445; &#x43F;&#x443;&#x442;&#x435;&#x439; &#x415;&#x432;&#x440;&#x43E;&#x43F;&#x435;&#x439;&#x441;&#x43A;&#x43E;&#x439; &#x420;&#x43E;&#x441;&#x441;&#x438;&#x438; &#x432; &#x43C;&#x430;&#x441;&#x448;&#x442;&#x430;&#x431;&#x435; 40 &#x432;&#x435;&#x440;&#x441;&#x442; &#x432; &#x434;&#x44E;&#x439;&#x43C;&#x435;, &#x43D;&#x430; 9-&#x442;&#x438; &#x43B;&#x438;&#x441;&#x442;&#x430;&#x445;]</subfield>
    <subfield code="f">&#x41E;&#x442;&#x434;&#x435;&#x43B; &#x441;&#x442;&#x430;&#x442;&#x438;&#x441;&#x442;&#x438;&#x43A;&#x438; &#x438; &#x43A;&#x430;&#x440;&#x442;&#x43E;&#x433;&#x440;&#x430;&#x444;&#x438;&#x438; &#x41C;&#x438;&#x43D;&#x438;&#x441;&#x442;&#x435;&#x440;&#x441;&#x442;&#x432;&#x430; &#x43F;&#x443;&#x442;&#x435;&#x439; &#x441;&#x43E;&#x43E;&#x431;&#x449;&#x435;&#x43D;&#x438;&#x44F;</subfield>
  </datafield>
  <datafield tag="210" ind1=" " ind2=" ">
    <subfield code="a">&#x421;.-&#x41F;&#x435;&#x442;&#x435;&#x440;&#x431;&#x443;&#x440;&#x433;</subfield>
    <subfield code="c">&#x422;&#x438;&#x43F;&#x43E;&#x433;&#x440;&#x430;&#x444;&#x438;&#x44F; &#x41C;&#x438;&#x43D;&#x438;&#x441;&#x442;&#x435;&#x440;&#x441;&#x442;&#x432;&#x430; &#x43F;&#x443;&#x442;&#x435;&#x439; &#x441;&#x43E;&#x43E;&#x431;&#x449;&#x435;&#x43D;&#x438;&#x44F; (&#x422;&#x43E;&#x432;&#x430;&#x440;&#x438;&#x449;&#x435;&#x441;&#x442;&#x432;&#x430; &#x418;. &#x41D;. &#x41A;&#x443;&#x448;&#x43D;&#x435;&#x440;&#x435;&#x432; &#x438; &#x41A;&#xB0;)</subfield>
    <subfield code="d">1907 (&#x43E;&#x431;&#x43B;. 1908)</subfield>
  </datafield>
  <datafield tag="215" ind1=" " ind2=" ">
    <subfield code="a">[2], XIX, 684 &#x441;.</subfield>
    <subfield code="c">&#x442;&#x430;&#x431;&#x43B;.</subfield>
    <subfield code="d">26</subfield>
  </datafield>
  <datafield tag="300" ind1=" " ind2=" ">
    <subfield code="a">&#x41E;&#x441;&#x43E;&#x431;&#x43E;&#x435; &#x43F;&#x440;&#x438;&#x43B;.: &#x41A;&#x430;&#x440;&#x442;&#x430; &#x432;&#x43D;&#x443;&#x442;&#x440;&#x435;&#x43D;&#x43D;&#x438;&#x445; &#x432;&#x43E;&#x434;&#x43D;&#x44B;&#x445; &#x43F;&#x443;&#x442;&#x435;&#x439; &#x415;&#x432;&#x440;&#x43E;&#x43F;&#x435;&#x439;&#x441;&#x43A;&#x43E;&#x439; &#x420;&#x43E;&#x441;&#x441;&#x438;&#x438; &#x432; &#x43C;&#x430;&#x441;&#x448;&#x442;&#x430;&#x431;&#x435; 40 &#x432;&#x435;&#x440;&#x441;&#x442; &#x432; &#x434;&#x44E;&#x439;&#x43C;&#x435;. &#x421;&#x43F;&#x431;, 1908. 9 &#x43D;&#x443;&#x43C;&#x435;&#x440;. &#x43B;. &#x441; &#x446;&#x432;. &#x43A;&#x430;&#x440;&#x442;&#x43E;&#x439; ; 74&#xD7;63 &#x441;&#x43C; (&#x44D;&#x43A;&#x437;. &#x420;&#x41D;&#x411; &#x445;&#x440;&#x430;&#x43D;&#x438;&#x442;&#x441;&#x44F; &#x432; &#x41E;&#x442;&#x434;. &#x43A;&#x430;&#x440;&#x442;&#x43E;&#x433;&#x440;&#x430;&#x444;&#x438;&#x438;)</subfield>
  </datafield>
  <datafield tag="316" ind1=" " ind2=" ">
    <subfield code="a">&#x42D;&#x43A;&#x437;. &#x420;&#x41D;&#x411; (37.42.1.1(1)) &#x432; &#x43F;&#x435;&#x440;. &#x441; &#x431;&#x43B;&#x438;&#x43D;&#x442;&#x43E;&#x432;&#x44B;&#x43C; &#x442;&#x438;&#x441;&#x43D;&#x435;&#x43D;&#x438;&#x435;&#x43C;, &#x437;&#x430;&#x433;&#x43B;. &#x43F;&#x435;&#x440;.: "&#x41F;&#x435;&#x440;&#x435;&#x447;&#x435;&#x43D;&#x44C; &#x432;&#x43D;&#x443;&#x442;&#x440;&#x435;&#x43D;&#x43D;&#x438;&#x445; &#x432;&#x43E;&#x434;&#x43D;&#x44B;&#x445; &#x43F;&#x443;&#x442;&#x435;&#x439; &#x415;&#x432;&#x440;&#x43E;&#x43F;&#x435;&#x439;&#x441;&#x43A;&#x43E;&#x439; &#x420;&#x43E;&#x441;&#x441;&#x438;&#x438;"; &#x441; &#x44D;&#x43A;&#x441;&#x43B;&#x438;&#x431;&#x440;&#x438;&#x441;&#x43E;&#x43C; &#x411;-&#x43A;&#x438; &#x41D;&#x438;&#x43A;&#x43E;&#x43B;&#x430;&#x44F; II: "&#x421;&#x43E;&#x431;&#x441;&#x442;&#x432;&#x435;&#x43D;&#x43D;&#x430;&#x44F; &#x415;&#x433;&#x43E; &#x412;&#x435;&#x43B;&#x438;&#x447;&#x435;&#x441;&#x442;&#x432;&#x430; &#x411;&#x438;&#x431;&#x43B;&#x438;&#x43E;&#x442;&#x435;&#x43A;&#x430;: &#x417;&#x438;&#x43C;&#x43D;&#x438;&#x439; &#x414;&#x432;&#x43E;&#x440;&#x435;&#x446;" &#x438; &#x43C;&#x43E;&#x43D;&#x43E;&#x433;&#x440;&#x430;&#x43C;&#x43C;&#x430; "&#x41D; II"</subfield>
    <subfield code="5">NLR: 37.42.1.1(1)</subfield>
  </datafield>
  <datafield tag="320" ind1=" " ind2=" ">
    <subfield code="a">&#x410;&#x43B;&#x444;. &#x443;&#x43A;&#x430;&#x437;. &#x43D;&#x430;&#x437;&#x432;. &#x440;&#x435;&#x43A;, &#x43E;&#x437;&#x435;&#x440; &#x438; &#x43A;&#x430;&#x43D;&#x430;&#x43B;&#x43E;&#x432;, &#x432;&#x43E;&#x448;&#x435;&#x434;&#x448;&#x438;&#x445; &#x432; &#x41F;&#x435;&#x440;&#x435;&#x447;&#x435;&#x43D;&#x44C; &#x432;&#x43D;&#x443;&#x442;&#x440;. &#x432;&#x43E;&#x434;. &#x43F;&#x443;&#x442;&#x435;&#x439; &#x415;&#x432;&#x440;&#x43E;&#x43F;. &#x420;&#x43E;&#x441;&#x441;&#x438;&#x438;: &#x441;. 643-681</subfield>
  </datafield>
  <datafield tag="421" ind1=" " ind2="0">
    <subfield code="1">2001#$a&#x41A;&#x430;&#x440;&#x442;&#x430; &#x432;&#x43D;&#x443;&#x442;&#x440;&#x435;&#x43D;&#x43D;&#x438;&#x445; &#x432;&#x43E;&#x434;&#x43D;&#x44B;&#x445; &#x43F;&#x443;&#x442;&#x435;&#x439; &#x415;&#x432;&#x440;&#x43E;&#x43F;&#x435;&#x439;&#x441;&#x43A;&#x43E;&#x439; &#x420;&#x43E;&#x441;&#x441;&#x438;&#x438; &#x432; &#x43C;&#x430;&#x441;&#x448;&#x442;&#x430;&#x431;&#x435; 40 &#x432;&#x435;&#x440;&#x441;&#x442; &#x432; &#x434;&#x44E;&#x439;&#x43C;&#x435;</subfield>
    <subfield code="1">2001#$a&#x421;&#x43F;&#x431; [&#x421;&#x430;&#x43D;&#x43A;&#x442;-&#x41F;&#x435;&#x442;&#x435;&#x440;&#x431;&#x443;&#x440;&#x433;]$c&#x41E;&#x442;&#x434;. &#x441;&#x442;&#x430;&#x442;&#x438;&#x441;&#x442;&#x438;&#x43A;&#x438; &#x438; &#x43A;&#x430;&#x440;&#x442;&#x43E;&#x433;&#x440;&#x430;&#x444;&#x438;&#x438; &#x41C;-&#x432;&#x430; &#x43F;&#x443;&#x442;&#x435;&#x439; &#x441;&#x43E;&#x43E;&#x431;&#x449;.$d1908</subfield>
    <subfield code="1">215##$a9 &#x43D;&#x443;&#x43C;&#x435;&#x440;. &#x43B;. &#x441; &#x446;&#x432;. &#x43A;&#x430;&#x440;&#x442;&#x43E;&#x439;$d74&#xD7;63 &#x441;&#x43C;</subfield>
    <subfield code="1">852##$aNLR$b&#x41A;&#x430;&#x440;&#x442;.</subfield>
    <subfield code="1">899##$a&#x41D;&#x411; &#x41C;&#x413;&#x423;</subfield>
    <subfield code="t">&#x421;&#x43F;&#x431; [&#x421;&#x430;&#x43D;&#x43A;&#x442;-&#x41F;&#x435;&#x442;&#x435;&#x440;&#x431;&#x443;&#x440;&#x433;]</subfield>
  </datafield>
  <datafield tag="702" ind1=" " ind2="0">
    <subfield code="4">390</subfield>
    <subfield code="8">rus</subfield>
    <subfield code="7">ca</subfield>
    <subfield code="a">&#x41D;&#x438;&#x43A;&#x43E;&#x43B;&#x430;&#x439;</subfield>
    <subfield code="c">&#x438;&#x43C;&#x43F;&#x435;&#x440;&#x430;&#x442;&#x43E;&#x440; &#x440;&#x43E;&#x441;&#x441;&#x438;&#x439;&#x441;&#x43A;&#x438;&#x439;</subfield>
    <subfield code="d">II</subfield>
    <subfield code="f">1868-1918</subfield>
    <subfield code="3">RU\NLR\AUTH\773750</subfield>
    <subfield code="9">113742</subfield>
  </datafield>
  <datafield tag="712" ind1="0" ind2="1">
    <subfield code="4">570</subfield>
    <subfield code="a">&#x420;&#x43E;&#x441;&#x441;&#x438;&#x44F;</subfield>
    <subfield code="b">&#x41C;&#x438;&#x43D;&#x438;&#x441;&#x442;&#x435;&#x440;&#x441;&#x442;&#x432;&#x43E; &#x43F;&#x443;&#x442;&#x435;&#x439; &#x441;&#x43E;&#x43E;&#x431;&#x449;&#x435;&#x43D;&#x438;&#x44F;</subfield>
    <subfield code="b">&#x41E;&#x442;&#x434;&#x435;&#x43B; &#x441;&#x442;&#x430;&#x442;&#x438;&#x441;&#x442;&#x438;&#x43A;&#x438; &#x438; &#x43A;&#x430;&#x440;&#x442;&#x43E;&#x433;&#x440;&#x430;&#x444;&#x438;&#x438;</subfield>
    <subfield code="3">RU\NLR\AUTH\889945042</subfield>
    <subfield code="9">385368</subfield>
  </datafield>
  <datafield tag="801" ind1=" " ind2="2">
    <subfield code="a">RU</subfield>
    <subfield code="b">NLR</subfield>
    <subfield code="c">20080326</subfield>
    <subfield code="2">rusmarc</subfield>
  </datafield>
  <datafield tag="801" ind1=" " ind2="0">
    <subfield code="a">RU</subfield>
    <subfield code="b">NLR</subfield>
    <subfield code="c">20071224</subfield>
    <subfield code="g">psbo</subfield>
  </datafield>
  <datafield tag="801" ind1=" " ind2="0">
    <subfield code="a">RU</subfield>
    <subfield code="b">RuMoRGB</subfield>
    <subfield code="c">20071224</subfield>
    <subfield code="2">psbo</subfield>
  </datafield>
  <datafield tag="801" ind1=" " ind2="1">
    <subfield code="a">RU</subfield>
    <subfield code="b">ProSoft-M</subfield>
    <subfield code="c">20071224</subfield>
    <subfield code="2">rusmarc</subfield>
  </datafield>
  <datafield tag="852" ind1=" " ind2=" ">
    <subfield code="a">NLR</subfield>
    <subfield code="j">37.42.1.1(1)</subfield>
  </datafield>
  <datafield tag="852" ind1=" " ind2=" ">
    <subfield code="a">NLR</subfield>
    <subfield code="j">132/4004</subfield>
  </datafield>
  <datafield tag="942" ind1=" " ind2=" ">
    <subfield code="c">BOOK</subfield>
  </datafield>
  <datafield tag="980" ind1=" " ind2=" ">
    <subfield code="a">NB</subfield>
  </datafield>
  <datafield tag="995" ind1=" " ind2=" ">
    <subfield code="5">2013-10-26</subfield>
    <subfield code="b">NLR02</subfield>
    <subfield code="c">NLR02</subfield>
    <subfield code="e">RFS</subfield>
    <subfield code="f">1-4544436</subfield>
    <subfield code="k">37.42.1.1(1)</subfield>
    <subfield code="o">0</subfield>
    <subfield code="r">BOOK</subfield>
    <subfield code="s">3742111_</subfield>
  </datafield>
  <datafield tag="995" ind1=" " ind2=" ">
    <subfield code="5">2013-10-26</subfield>
    <subfield code="b">NLR02</subfield>
    <subfield code="c">NLR02</subfield>
    <subfield code="e">RFS</subfield>
    <subfield code="f">5253751-20</subfield>
    <subfield code="k">132/4004</subfield>
    <subfield code="o">0</subfield>
    <subfield code="r">BOOK</subfield>
    <subfield code="s">1324004_</subfield>
  </datafield>
</record>
